000 01003nam a2200229Ia 4500
001 L264-20670
003 IT-CnALBA
008 170116s9999||||xx |||||||||||||| ||und||
040 _aIT-CnALBA
_cIT-CnALBA
041 _aITALIANO
100 _aCONGREGAZIONE SACRA DEI RITI
245 0 _aEVANGELIARIO FESTIVO. TESTO ITALIANO CON COMMENTO DOGMATICO MORALE LITURGICO.
250 _a1a ed.
260 _aCINISELLO BALSAMO (MI)
_bEDIZIONI PAOLINE
_c1933 [1° Ed.:1933 - Ed.Ling.Originale: 1933]
300 _a144 p.
500 _aINVITO ALL'USO DELLA PIA SOCIETÀ S. PAOLO E DI DON ALBERIONE IN ORDINE ALLA DEVOZIONE AL DIVINO MAESTRO VIA VERITÀ E VITA.
501 _aSocietà San Paolo EM - Piazza San Paolo, 14 - 12051 ALBA (CN) (non commercial uses only) ® Copyright 2017
520 _aINVITO ALL'USO DELLA PIA SOCIETÀ S. PAOLO E DI DON ALBERIONE IN ORDINE ALLA DEVOZIONE AL DIVINO MAESTRO VIA VERITÀ E VITA.
650 _aCULTO PUBBLICO LITURGIA
942 _cBK
957 _71
999 _a25407
_bSI
_g Copie: 1
_c279786
_d279786